Culture Générale - Série 2052 - Statistiques

Statistiques générales
  • Ce quiz a été pris 88 fois
  • Le résultat moyen est 5 sur 10
Statistiques - réponses
Question Réponse % Correct
Quel personnage prénommé Balthazar est l’oncle maternel de Donald Duck ? Picsou
79%
Parmi les 7 péchés capitaux, lequel est synonyme de pingrerie ? avarice
78%
Dans quelle grande ville américaine le Lieutenant Colombo mène-t-il ses enquêtes ? Los Angeles
74%
En médecine, quelle infection virale courante est une inflammation des amygdales ? angine
71%
Quel mot peut désigner à la fois une abstinence alimentaire, et le parlement Polonais ? diète
47%
Quel mollusque bivalve est appelé clovisse en Provence ? voir photo palourde
42%
En anatomie, de quelle partie du pied parle-t-on lorsque l’on évoque l’hallux ? gros orteil
36%
De quel pays l’Ibex 35 est-il le principal indice boursier ? Espagne
33%
Quelle confiserie à base de miel, d’amandes et de blancs d’œufs est une variante espagnole du nougat ? touron
28%
Dans quelle préfecture d’un département d’Occitanie* peut-on circuler dans des rues étroites appelées Pousterles ? Auch
12%
Aucun quiz correspondant
Distribution des résultats
% des personnes avec chaque résultat
Percentile par nombre de réponses
Votre historique - résultats
Vous n’avez pas pris ce quiz